000
00291nam a22001337a 4500
003
SGT
082
_a
746
_b
COO
100
_a
COOKLIN, GERNY
245
_a
PATTERN GRADING FOR WOMENS CLOTHS
260
_a
INDIA
_b
WILLEY
_c
2009
300
_a
382
650
_a
WOMEN'S CLOTHS
942
_2
ddc
_c
BK
999
_c
9943
_d
9943